000 00582cam a2200145 4500500
005 20251214042930.0
041 _afre
042 _adc
100 1 0 _aWhitman, James
_eauthor
245 0 0 _aKRIMINALSOZIOLOGIE (SOCIOLOGIE CRIMINELLE), Heike JUNG, Nomos, Baden-Baden 2005, 117 p., par Hervé HENRION, Docteur en droit
260 _c2005.
500 _a62
786 0 _nArchives de politique criminelle | 27 | 1 | 2005-10-01 | p. 235d-259d | 0242-5637
856 4 1 _uhttps://droit.cairn.info/revue-archives-de-politique-criminelle-2005-1-page-235d?lang=fr&redirect-ssocas=7080
999 _c1577137
_d1577137